Daňový poriadok

Novely daňového poriadku reagujú na požiadavky vyplývajúce z praktického uplatňovania zákona a transformácie právnych aktov Európskej únie do Slovenskej legislatívy.

Saved in:
Bibliographic Details
Main Author: Husárová, Kristína
Format: Book Chapter
Language:Slovak
Subjects:
Tags: Add Tag
No Tags, Be the first to tag this record!

MARC

LEADER 00000naa a2200000 4500
001 0192109
005 20231120130255.6
041 0 |a slo 
044 |a SK 
245 1 0 |a Daňový poriadok  |c Kristína Husárová 
520 |a Novely daňového poriadku reagujú na požiadavky vyplývajúce z praktického uplatňovania zákona a transformácie právnych aktov Európskej únie do Slovenskej legislatívy. 
610 2 0 |a poriadok daňový 
610 2 0 |a Slovensko 
610 2 0 |a zákony 
610 2 0 |a novelizácia 
100 1 |a Husárová, Kristína